Statistics for Guess Kpop girlgroup songs through emojis(pt4)

Click here to take the quiz!

General Stats

  • This quiz has been taken 45 times
  • The average score is 12 of 28

Answer Stats

Answer% Correct
Queencard - (G)I-DLE
89%
Teddy bear - STAYC
86%
Zombie - PURPLE KISS
86%
Cupid - FIFTY FIFTY
83%
Ice cream cake - Red Velvet
83%
Devil - CLC
74%
On The Gound - ROSE
74%
Black Mamba - aespa
71%
Heart shaker - Twice
69%
Weekend - Taeyeon
57%
Forever 1 - SNSD
54%
Ring My Bell - Girl's Day / Ring Ma Bell - Billlie
46%
Shhh! - KISS OF LIFE
46%
Snapping - Chungha
46%
Bon Bon Chocolat - Everglow
43%
After school - Weeekly
34%
Siren - Sunmi
29%
Hi High - LOONA
20%
Beautiful christmas - Red velvet & aespa
14%
L.I.E - EXID
14%
Sexy love - T-ARA
14%
The Fifth season(SSFWL) - Oh My Girl
11%
Young, Dumb, Stupid - NMIXX
11%
Glass bead - GFriend
9%
Not spring, love or cherry blossom - IU & HIGH4
9%
We ride - Brave Girls
9%
Ah-choo - Lovelyz
6%
Fearless - LE SSERAFIM
3%

Score Distribution

Percentile by Number Answered

Percent of People with Each Score

Your Score History

You have not taken this quiz